Get the Picture: Jackson vs. Eisenhower Quiz Stats

 Plays Quiz not verified by Sporcle

Support Sporcle.
Go Orange.
Score 0/16 Timer 03:00
0 Plays Today
Question Answer Wrong Answers
Served as Supreme Allied Commander in Europe Dwight Eisenhower
89.4%
Andrew Jackson
6.8%
Was military Governor of the U.S. Occupation Zone in Europe Dwight Eisenhower
88.6%
Andrew Jackson
7.2%
Took part in the Battle of Hanging Rock Andrew Jackson
87.7%
Dwight Eisenhower
8.8%
Was territorial Governor of Florida Andrew Jackson
85.6%
Dwight Eisenhower
10.2%
Highest military rank: General of the Army Dwight Eisenhower
84.2%
Andrew Jackson
11.9%
Served as a Senator from Tennessee Andrew Jackson
83.9%
Dwight Eisenhower
12.1%
Married Mamie Doud Dwight Eisenhower
83.4%
Andrew Jackson
12.7%
Married to Rachel Donelson Andrew Jackson
83%
Dwight Eisenhower
12.7%
Born in the Carolinas Andrew Jackson
82.6%
Dwight Eisenhower
13.8%
Born in Texas Dwight Eisenhower
81.9%
Andrew Jackson
14.2%
Had three adopted sons Andrew Jackson
79.4%
Dwight Eisenhower
16.8%
Received both Army and Navy Distinguished Service medals Dwight Eisenhower
79%
Andrew Jackson
16.8%
Had two biological sons Dwight Eisenhower
78.9%
Andrew Jackson
17.2%
Highest military rank: Major General, U.S. Army Andrew Jackson
63.4%
Dwight Eisenhower
32.9%
Took part in the Battle of Kasserine Pass Dwight Eisenhower
54.4%
Andrew Jackson
41.7%
Recipient of the Congressional Gold Medal Andrew Jackson
25.3%
Dwight Eisenhower
70.5%

You're not logged in!

Compare scores with friends on all Sporcle quizzes.
OR
Log In

From the Vault

DreamWorks Animated Movies

by SporcleAdmin

Also known as the non-Pixar/Disney blockbuster animated movie quiz.
Remove Ads.
Support Sporcle.
Get the best of Sporcle when you Go Orange. This ad-free experience offers more features, more stats, and more fun while also helping to support Sporcle. Thank you for becoming a member.

Show Comments

Extras

Top Quizzes Today


Score Distribution

Your Account Isn't Verified!

In order to create a playlist on Sporcle, you need to verify the email address you used during registration. Go to your Sporcle Settings to finish the process.

Report this User

Report this user for behavior that violates our Community Guidelines.

Details: